Catálogo de obra razonada.
Salvato in:
| Autore principale: | |
|---|---|
| Natura: | Libro |
| Lingua: | inglese |
| Pubblicazione: |
Santiago, Chile:
Ministerio de las Culturas, las Artes y el Patrimonio,
2021
|
| Soggetti: | |
| Accesso online: | Disponible Online - Ministerio de las Culturas, las Artes y el Patrimonio |
| Tags: |
Aggiungi Tag
Nessun Tag, puoi essere il primo ad aggiungerne!!
|
MARC
| LEADER | 00000nam a22000007a 4500 | ||
|---|---|---|---|
| 003 | CL-VaPUC | ||
| 005 | 20220915110842.0 | ||
| 008 | 220503b2021 ||||| |||| 00| 0 eng d | ||
| 999 | |c 435506 |d 435504 | ||
| 020 | |a 978-956-352-384-3 (impreso) | ||
| 020 | |a 978-956-352-385-0 (digital) | ||
| 040 | |c Pontificia Universidad Católica de Valparaíso | ||
| 082 | 0 | 4 | |2 22 |a 759.983 CRI 2021 |
| 100 | 1 | |a Cristi, Ximena |e autora |9 873681 | |
| 245 | 1 | 0 | |a Catálogo de obra razonada. |
| 260 | |a Santiago, Chile: |b Ministerio de las Culturas, las Artes y el Patrimonio, |c 2021 | ||
| 300 | |a 359 páginas; ilustraciones | ||
| 500 | |a c.1 Donación Profesora Consuelo Rodríguez De Tezanos. Memo ART 02/2022. 05/04/2022 c.2 Donación Profesor Bruno Cuneo. Memo ART 08/2022. 07/09/2022 | ||
| 583 | |c 20220503 |k Catalogador Asistente | ||
| 600 | 0 | |a Cristi, Ximena, |q 1920-2022 |9 871742 |x Pintora |x Vida y obras |z Chile | |
| 650 | 1 | |a Pintura chilena |y Siglo 20 |9 871743 |v Catálogos | |
| 650 | 1 | |a Pintores chilenos |y Siglo 20 |9 871744 |v Catálogos | |
| 650 | 1 | 0 | |a Postimpresionismo |x Arte |y Siglo 20 |9 407295 |
| 856 | |u https://www.cultura.gob.cl/wp-content/uploads/2022/01/ximena-cristi-catalogo-obra-razonada.pdf |y Disponible Online - Ministerio de las Culturas, las Artes y el Patrimonio | ||
| 942 | |2 ddc |c BK | ||
| 952 | |0 0 |1 0 |2 ddc |4 0 |6 759_983000000000000_CRI_2021 |7 0 |8 R |9 582859 |a BIBART |b BIBART |d 2022-05-03 |e Donación |i 5650953 |l 2 |o 759.983 CRI 2021 |p 5650953 |r 2025-03-13 |s 2023-11-17 |t 1 |w 2022-05-03 |y BK_R |k ART | ||
| 952 | |0 0 |1 0 |2 ddc |4 0 |6 759_983000000000000_CRI_2021 |7 0 |8 R |9 586714 |a BIBART |b BIBART |d 2022-09-13 |e Donación |i 5654698 |l 4 |o 759.983 CRI 2021 |p 5654698 |r 2025-03-13 |s 2023-11-17 |t 2 |w 2022-09-13 |y BK_R |k ART | ||